000 01122nam a2200337 a 4500
003 AR-BaBNM
005 20251128204913.0
008 082120s2002 ||||||||||||||000 | spa||
020 _a84-277-1030-5
040 _cAR-BaBNM
100 1 _aMartínez Santa María de Unzá, Isabel
245 0 0 _aLectura y educación para la paz
_bun proyecto interdisciplinario en secundario
260 _aMadrid
_bNarcea
_c1993
300 _a63 p.
_bdiagr., il., tablas
490 0 _aApuntes I.E.P.S.
_vv. 56
500 _aI.E.P.S.: Instituto de Estudios Pedagógicos Somosaguas
500 _aAnexo
500 _aLibros para la paz: p. 55-58
504 _aBibliografía: p. 59
650 4 _aEDUCACION PARA LA PAZ
650 4 _aPLANIFICACION DEL PROGRAMA
650 4 _aGUIAS DE ESTUDIOS
650 4 _aTECNICAS DIDACTICAS
651 4 _aEspaña
653 _aEDUCACION SECUNDARIA
653 _aTEMAS TRANSVERSALES
700 1 _aSánchez de Medina, María Rosa
_eprologuista
710 2 _aInstituto de Estudios Pedagógicos Somosaguas
_bDepartamento de Ciencias de la Educación [Madrid]
942 _cBK
998 _csilvi
999 _c9274
_d9274